[Event "Moscow Open G Student w 2014"]
[Site "Moscow RUS"]
[Date "2014.02.05"]
[Round "5.2"]
[White "Tomnikova, Lidia"]
[Black "Soloviova, Liza"]
[Result "0-1"]
[WhiteTitle "WFM"]
[BlackTitle "WGM"]
[WhiteElo "2195"]
[BlackElo "2308"]
[WhiteFideId "4113110"]
[BlackFideId "14117665"]
[EventDate "2014.02.01"]

1. e4 d6 2. d4 Nf6 3. Nc3 e5 4. Nf3 Nbd7 5. Bc4 Be7 6. O-O O-O 7. h3 c6 8. a4 b6
9. Re1 a6 10. d5 c5 11. b3 Ne8 12. Qe2 Nc7 13. Nh2 Bg5 14. Bb2 g6 15. Nf3 Bh6
16. g4 Bf4 17. Bd3 Nf6 18. Qf1 h5 19. g5 Nh7 20. h4 f6 21. gxf6 Qxf6 22. Qg2 Bg4
23. Nh2 Qxh4 24. Nxg4 hxg4 25. Be2 g3 26. Nd1 0-1

[Event "Moscow Open G Student w 2014"]
[Site "Moscow RUS"]
[Date "2014.02.05"]
[Round "5.3"]
[White "Vasilevich, Irina"]
[Black "Daulyte, Deimante"]
[Result "1/2-1/2"]
[WhiteTitle "IM"]
[BlackTitle "WGM"]
[WhiteElo "2365"]
[BlackElo "2355"]
[WhiteFideId "4141296"]
[BlackFideId "12802859"]
[EventDate "2014.02.01"]

1. c4 Nf6 2. g3 c6 3. Nf3 g6 4. b3 Bg7 5. Bb2 O-O 6. Bg2 d6 7. d4 e5 8. dxe5 Ng4
9. O-O Nxe5 10. Qc1 Bg4 11. Rd1 Qe7 12. Nxe5 Bxe5 13. Nc3 Na6 14. f3 Be6 15. f4
Bg7 16. e4 Nc5 17. Rd2 a5 18. Ne2 f5 19. Bxg7 Qxg7 20. Rxd6 fxe4 21. Qc3 Rad8
22. Rad1 Rxd6 23. Rxd6 Bg4 24. Qxg7+ Kxg7 25. Bf1 e3 26. h3 Bxe2 27. Bxe2 g5 28.
Rd4 gxf4 29. gxf4 Ne6 30. Re4 Nxf4 31. Rxe3 Nxe2+ 1/2-1/2

[Event "Moscow Open G Student w 2014"]
[Site "Moscow RUS"]
[Date "2014.02.05"]
[Round "5.4"]
[White "Arabidze, Meri"]
[Black "Gvanceladze, Anna"]
[Result "1-0"]
[WhiteTitle "WGM"]
[BlackTitle "WFM"]
[WhiteElo "2374"]
[BlackElo "2217"]
[WhiteFideId "13604040"]
[BlackFideId "4113721"]
[EventDate "2014.02.01"]

1. d4 Nf6 2. c4 e6 3. Nf3 Bb4+ 4. Nbd2 O-O 5. a3 Be7 6. e4 d5 7. e5 Nfd7 8. b4
a5 9. b5 c5 10. cxd5 exd5 11. Bd3 cxd4 12. Nb3 Re8 13. O-O Nf8 14. Nbxd4 Bg4 15.
h3 Bh5 16. Nf5 Nbd7 17. Bb2 Ne6 18. Ng3 Bxf3 19. Qxf3 d4 20. Rae1 Ndc5 21. Nf5
Rc8 22. Qg3 Nxd3 23. Qxd3 Qd5 24. f4 Bc5 25. Kh1 Rcd8 26. Rd1 b6 27. Qg3 Kh8 28.
Qd3 Rf8 29. Ng3 Nc7 30. Ne4 Be7 31. a4 Ne6 32. f5 Nc5 33. Nxc5 Bxc5 34. Qg3 Rfe8
35. Rfe1 Qa2 36. Bc1 Qxa4 37. Bg5 Rc8 38. f6 g6 39. e6 Rxe6 40. Rxe6 Qxd1+ 41.
Re1 Qh5 42. h4 h6 43. Qh3 Rd8 44. g4 1-0

[Event "Moscow Open G Student w 2014"]
[Site "Moscow RUS"]
[Date "2014.02.05"]
[Round "5.5"]
[White "Severina, Maria"]
[Black "Muminova, Nafisa"]
[Result "1/2-1/2"]
[WhiteTitle "WIM"]
[BlackTitle "WGM"]
[WhiteElo "2210"]
[BlackElo "2301"]
[WhiteFideId "4116909"]
[BlackFideId "14201526"]
[EventDate "2014.02.01"]

1. d4 Nf6 2. Nf3 d5 3. c4 e6 4. e3 Be7 5. b3 O-O 6. Bd3 b6 7. O-O Bb7 8. Bb2
Nbd7 9. Qe2 Bd6 10. Nc3 Ne4 11. Rac1 a6 12. Nd2 f5 13. f4 Nxd2 14. Qxd2 Nf6 15.
a3 Qe7 16. Nb1 a5 17. a4 Kh8 18. Nc3 Bb4 19. Qe2 Rad8 20. Rc2 Bc6 21. cxd5 Nxd5
22. Na2 Ba8 23. Nxb4 axb4 24. Rfc1 Rf7 25. Bc4 Qd6 26. Bd3 Nf6 27. Qe1 Bd5 28.
Bc4 Be4 29. Rd2 c6 30. Rdd1 Ra8 31. Ra1 Rfa7 32. Qe2 h6 33. h3 Ra5 34. Rf1 Qd7
35. Qd2 b5 36. axb5 Rxa1 37. Rxa1 Rxa1+ 38. Bxa1 cxb5 39. Bf1 Nd5 40. Qc1 Qb7
41. Kf2 Qa6 42. g4 Qa2+ 43. Qb2 Qa5 44. Ke2 fxg4 45. hxg4 Nc3+ 46. Kd2 Qc7 47.
Ke1 Nd5 48. Kd2 Qc6 49. Be2 Nc3 50. Qc1 Nb1+ 51. Kd1 Qd5 52. Ke1 Qd8 53. g5 hxg5
54. Qc5 Nc3 55. Bxc3 bxc3 56. Qxc3 1/2-1/2

[Event "Moscow Open G Student w 2014"]
[Site "Moscow RUS"]
[Date "2014.02.06"]
[Round "6.1"]
[White "Wang, Jue"]
[Black "Muminova, Nafisa"]
[Result "1/2-1/2"]
[WhiteTitle "WGM"]
[BlackTitle "WGM"]
[WhiteElo "2386"]
[BlackElo "2301"]
[WhiteFideId "8604070"]
[BlackFideId "14201526"]
[EventDate "2014.02.01"]

1. e4 e6 2. d4 d5 3. Nc3 Nf6 4. Bg5 Bb4 5. e5 h6 6. Bc1 Ne4 7. Qg4 g6 8. Ne2
Nxc3 9. Nxc3 c5 10. a3 Qa5 11. axb4 Qxa1 12. Qf4 a6 13. bxc5 Nc6 14. Bd3 g5 15.
Qd2 Nxd4 16. O-O Bd7 17. f4 g4 18. Qf2 Nc6 19. Qh4 Qa5 20. Be3 Qd8 21. Qxg4 Qe7
22. Na4 O-O-O 23. Nb6+ Kb8 24. c3 Na7 25. Nxd7+ Qxd7 26. f5 Nc6 27. Bf4 d4 28.
Be4 Qe7 29. b4 dxc3 30. Bxc6 bxc6 31. Qe2 Qb7 32. Qc4 Qb5 33. Qxc3 Qd3 34. Qc1
h5 35. Bg5 Rd7 36. fxe6 fxe6 37. h4 Kb7 38. Kh2 Rhh7 39. Qf4 Rd4 40. Qf8 Rhd7
41. Rf7 Rg4 42. Rf3 Qe2 43. Rf2 Qxe5+ 44. Bf4 Rxh4+ 45. Kg3 Rg4+ 46. Kh2 Rxf4
47. Rxf4 Qc7 48. Kh3 e5 49. Re4 Rd4 50. Qf5 Qe7 51. Kg3 Rxe4 52. Qxe4 Qg5+ 53.
Kf3 Kc7 54. Qh7+ Kc8 55. Qe4 Kc7 56. Qh7+ 1/2-1/2

[Event "Moscow Open G Student w 2014"]
[Site "Moscow RUS"]
[Date "2014.02.06"]
[Round "6.2"]
[White "Gvanceladze, Anna"]
[Black "Severina, Maria"]
[Result "1/2-1/2"]
[WhiteTitle "WFM"]
[BlackTitle "WIM"]
[WhiteElo "2217"]
[BlackElo "2210"]
[WhiteFideId "4113721"]
[BlackFideId "4116909"]
[EventDate "2014.02.01"]

1. d4 Nf6 2. Nf3 b6 3. g3 Bb7 4. Bg2 e6 5. O-O Be7 6. c4 O-O 7. Nc3 Ne4 8. Qd3
Nxc3 9. bxc3 f5 10. Nd2 Bxg2 11. Kxg2 Nc6 12. Nf3 Qe8 13. e4 fxe4 14. Qxe4 Na5
15. d5 exd5 16. cxd5 Bf6 17. Qd3 Qg6 18. Qxg6 hxg6 19. Bf4 c5 20. Rac1 Rfe8 21.
Rfe1 Rxe1 22. Rxe1 Rc8 23. Bg5 Kf8 24. Bxf6 gxf6 25. Nd2 b5 26. Kf3 b4 27. Rc1
bxc3 28. Rxc3 Nb7 29. Nc4 d6 30. Ra3 a5 31. Ke2 Re8+ 32. Kd3 Re1 33. Rb3 Rd1+
34. Kc2 Rd4 35. Kc3 Nd8 36. Nxd6 Rxd5 37. Ne4 f5 38. Ng5 Ke7 39. f4 Nc6 40. Kc4
Rd2 41. Kxc5 Rc2+ 42. Kb6 a4 43. Re3+ Kf8 44. a3 Nd4 45. Ka5 Rxh2 46. Ne6+ Nxe6
47. Rxe6 Kf7 48. Re3 Rh8 49. Kxa4 g5 50. fxg5 Kg6 51. Kb5 Rb8+ 52. Kc4 Ra8 53.
Kb3 Rb8+ 54. Ka2 Ra8 55. Kb3 Rb8+ 56. Kc4 Ra8 57. Kb3 Rb8+ 58. Ka2 Ra8 59. Rf3
Kxg5 60. Rf4 Re8 61. Rf3 Ra8 1/2-1/2

[Event "Moscow Open G Student w 2014"]
[Site "Moscow RUS"]
[Date "2014.02.06"]
[Round "6.3"]
[White "Daulyte, Deimante"]
[Black "Arabidze, Meri"]
[Result "0-1"]
[WhiteTitle "WGM"]
[BlackTitle "WGM"]
[WhiteElo "2355"]
[BlackElo "2374"]
[WhiteFideId "12802859"]
[BlackFideId "13604040"]
[EventDate "2014.02.01"]

1. e4 c5 2. Nf3 e6 3. d4 cxd4 4. Nxd4 a6 5. Be2 Nf6 6. Nc3 Qc7 7. O-O Be7 8. f4
d6 9. Kh1 Nbd7 10. Qd3 Nc5 11. Qe3 O-O 12. b4 Ncd7 13. a4 Nb6 14. a5 Nc4 15. Qd3
d5 16. e5 Ne8 17. Rb1 b5 18. axb6 Nxb6 19. f5 exf5 20. Nxf5 Bxf5 21. Rxf5 g6 22.
Qg3 Ng7 23. Rf1 f5 24. Nxd5 Nxd5 25. Qb3 Kh8 26. Qxd5 Qxc2 27. Bd3 Qc7 28. Bf4
Rad8 29. Qb3 Rd4 30. Bxa6 Rxb4 31. Qd5 Rd8 32. Qf3 Rxb1 33. Rxb1 g5 34. Bg3 f4
35. Bf2 Qxe5 36. Re1 Qd6 37. Bc4 Bf6 38. h3 Qd7 39. Kh2 Qd6 40. Ra1 Bxa1 0-1

[Event "Moscow Open G Student w 2014"]
[Site "Moscow RUS"]
[Date "2014.02.06"]
[Round "6.4"]
[White "Soloviova, Liza"]
[Black "Vasilevich, Irina"]
[Result "1/2-1/2"]
[WhiteTitle "WGM"]
[BlackTitle "IM"]
[WhiteElo "2308"]
[BlackElo "2365"]
[WhiteFideId "14117665"]
[BlackFideId "4141296"]
[EventDate "2014.02.01"]

1. Nf3 d5 2. d3 c5 3. c3 Nc6 4. Nbd2 Nf6 5. e4 e6 6. Be2 Be7 7. O-O O-O 8. a3 b6
9. Re1 Qc7 10. Qc2 Rd8 11. Bf1 dxe4 12. dxe4 Bb7 13. a4 a6 14. g3 Rac8 15. Nc4
Nd7 16. Bf4 e5 17. Bc1 Nf6 18. Bg5 h6 19. Bxf6 Bxf6 20. Ne3 Na5 21. Rad1 Rxd1
22. Rxd1 Rd8 23. Nd5 Bxd5 24. exd5 c4 25. Qe4 b5 26. axb5 axb5 27. Ne1 Nb7 28.
Nc2 Nd6 29. Qe3 e4 30. Bg2 Re8 31. Qe2 Bg5 32. h4 Bd8 33. Ne3 f5 34. Bh3 Qf7 35.
h5 Kh8 36. Ng2 Bg5 37. f4 exf3 38. Qxf3 Re5 39. Nf4 Bxf4 40. gxf4 Re8 41. Bg2
Ne4 42. Rd4 Qa7 43. Qd1 Nd6 44. Kh2 Qe7 45. Kh3 Qe3+ 46. Qf3 Qc1 47. Qf2 Qe3+
48. Qf3 b4 49. Rd1 bxc3 50. bxc3 Qb6 51. Kh2 Qb2 52. Qg3 Qe2 53. Qf3 Qc2 54. Ra1
Ne4 55. Re1 Rd8 56. Qe2 Qxc3 57. Bxe4 fxe4 58. Qxe4 Qf6 59. Kg3 c3 60. Kg4 Qd6
61. Qa4 Qxd5 62. Re8+ Rxe8 63. Qxe8+ Qg8 64. Qc6 1/2-1/2

[Event "Moscow Open G Student w 2014"]
[Site "Moscow RUS"]
[Date "2014.02.06"]
[Round "6.5"]
[White "Saulina, Varvara"]
[Black "Tomnikova, Lidia"]
[Result "0-1"]
[WhiteTitle "WFM"]
[BlackTitle "WFM"]
[WhiteElo "2227"]
[BlackElo "2195"]
[WhiteFideId "4194950"]
[BlackFideId "4113110"]
[EventDate "2014.02.01"]

1. d4 Nf6 2. c4 e6 3. Nc3 Bb4 4. e3 b6 5. Bd3 Bb7 6. Nf3 O-O 7. Qc2 d5 8. cxd5
exd5 9. O-O Nbd7 10. Bd2 Be7 11. Rac1 c5 12. dxc5 Nxc5 13. Be2 Rc8 14. Rfd1 Nce4
15. Qa4 Nxd2 16. Nxd2 a6 17. Bf3 b5 18. Qb3 Qa5 19. Nf1 b4 20. Ne2 Bc6 21. Rd2
Ba4 22. Qd3 Bb5 23. Qb1 Bc4 24. Qf5 Qxa2 25. Nd4 b3 26. Qg5 h6 27. Qg3 Nh7 28.
Nf5 Bf6 29. Nxh6+ Kh8 30. Nf5 Bxf1 31. Rxf1 Rc2 32. Rxd5 Qxb2 33. e4 Rc1 34. Bd1
Rc3 35. Qd6 Qb1 36. Qb4 b2 37. Rd2 Rc1 38. Ne3 Bc3 39. Qd6 Bxd2 40. Qxd2 Qa1 0-1

[Event "Moscow Open G Student w 2014"]
[Site "Moscow RUS"]
[Date "2014.02.07"]
[Round "7.1"]
[White "Tomnikova, Lidia"]
[Black "Wang, Jue"]
[Result "0-1"]
[WhiteTitle "WFM"]
[BlackTitle "WGM"]
[WhiteElo "2195"]
[BlackElo "2386"]
[WhiteFideId "4113110"]
[BlackFideId "8604070"]
[EventDate "2014.02.01"]

1. e4 c5 2. Nf3 e6 3. d4 cxd4 4. Nxd4 a6 5. Nc3 b5 6. Bd3 Qb6 7. Nf3 Qc7 8. e5
Bb7 9. Ne4 f5 10. exf6 Nxf6 11. Nfg5 Bxe4 12. Nxe4 Nxe4 13. Bxe4 d5 14. Qh5+ Qf7
15. Qxf7+ Kxf7 16. Bf3 Bd6 17. O-O Nd7 18. Be3 Ne5 19. Be2 Rhc8 20. f4 Nc4 21.
Bd4 Bc5 22. Bxc5 Rxc5 23. Bxc4 Rxc4 24. Rae1 Kf6 25. c3 a5 26. g4 g6 27. Re3 b4
28. g5+ Kf7 29. Rh3 Kg7 30. Re3 Ra6 31. Rfe1 bxc3 32. bxc3 Rcc6 33. Kf2 Rab6 34.
R1e2 a4 35. a3 h5 36. gxh6+ Kxh6 37. Ke1 Kg7 38. Rg3 Rb1+ 39. Kd2 Rb2+ 40. Kd1
Rcb6 41. Rxb2 Rxb2 42. c4 dxc4 43. Rc3 Rb3 44. Rxc4 Rxa3 45. Kc1 Ra2 46. h3 Kf6
47. Re4 a3 48. Re3 Kf5 49. Re5+ Kxf4 50. Rxe6 Rg2 51. Kb1 Rg3 52. h4 Rg4 53. Ra6
Kg3 54. Rxa3+ Kxh4 55. Kc2 g5 56. Ra1 Rg2+ 57. Kd3 Kg3 58. Ke3 g4 59. Ra8 Rb2
60. Rg8 Kh3 61. Rh8+ Kg2 62. Rg8 g3 63. Rg7 Kh2 64. Rh7+ Kg1 65. Kf3 g2 66. Rc7
Rb3+ 67. Ke2 Kh2 68. Rh7+ Rh3 0-1

[Event "Moscow Open G Student w 2014"]
[Site "Moscow RUS"]
[Date "2014.02.07"]
[Round "7.2"]
[White "Vasilevich, Irina"]
[Black "Saulina, Varvara"]
[Result "1-0"]
[WhiteTitle "IM"]
[BlackTitle "WFM"]
[WhiteElo "2365"]
[BlackElo "2227"]
[WhiteFideId "4141296"]
[BlackFideId "4194950"]
[EventDate "2014.02.01"]

1. c4 Nf6 2. Nc3 c5 3. g3 Nc6 4. Bg2 e6 5. e4 a6 6. Nge2 b5 7. cxb5 axb5 8. Nxb5
Ba6 9. Nbc3 Nb4 10. O-O Ng4 11. a3 Bd3 12. Nf4 Bxf1 13. Bxf1 h5 14. d3 g5 15.
Nxh5 Ne5 16. f4 gxf4 17. Nxf4 Nbc6 18. Be3 Nd4 19. Bg2 Rb8 20. b4 Qg5 21. Nfd5
Qg7 22. Nc7+ Kd8 23. Na6 Rb6 24. Nxc5 Ng4 25. Qc1 Nxe3 26. Qxe3 Nc2 27. Qf2 Nxa1
28. N3a4 Bxc5 29. Nxc5 Rb8 30. e5 Qxe5 31. Qxf7 Qd4+ 32. Kh1 Nc2 33. h4 Ne3 34.
Bc6 Qd6 35. Bxd7 Qd5+ 36. Ne4 Nf5 37. Bxe6 Nxg3+ 38. Kg2 Qd4 39. Nxg3 Ra8 40.
Qb7 Qa7 41. Qd5+ Ke8 42. Qe5 Rh7 43. Bd5+ Kf8 44. Qd6+ Ke8 45. Qg6+ Rf7 46.
Bxf7+ 1-0

[Event "Moscow Open G Student w 2014"]
[Site "Moscow RUS"]
[Date "2014.02.07"]
[Round "7.3"]
[White "Arabidze, Meri"]
[Black "Soloviova, Liza"]
[Result "0-1"]
[WhiteTitle "WGM"]
[BlackTitle "WGM"]
[WhiteElo "2374"]
[BlackElo "2308"]
[WhiteFideId "13604040"]
[BlackFideId "14117665"]
[EventDate "2014.02.01"]

1. d4 Nf6 2. c4 e6 3. Nf3 d5 4. Nc3 Bb4 5. cxd5 exd5 6. Bg5 h6 7. Bh4 c5 8. e3
c4 9. Be2 g5 10. Bg3 Nc6 11. O-O Bf5 12. Ne5 Bxc3 13. bxc3 Ne7 14. f3 b5 15. a4
a6 16. Qc1 O-O 17. axb5 axb5 18. Qb2 Qb6 19. Qb4 Ng6 20. e4 Rxa1 21. Rxa1 dxe4
22. Bxc4 exf3 23. gxf3 Nxe5 24. Bxe5 Qc6 25. d5 Qe8 26. Bxf6 Qe3+ 27. Kg2 Bh3+
28. Kg3 Qf4+ 29. Kf2 Qxh2+ 30. Ke3 Re8+ 31. Be7 bxc4 32. d6 Qf4+ 33. Ke2 Bg2 34.
Qb7 g4 35. Rf1 Qxd6 36. Kf2 Qh2 37. Bd6 Qh3 38. Qc6 Re6 39. Qa8+ Kh7 40. Qb7 Kg6
41. Qa8 g3+ 42. Bxg3 Bxf1 43. Qg8+ Kf6 44. Qd8+ Kg7 0-1

[Event "Moscow Open G Student w 2014"]
[Site "Moscow RUS"]
[Date "2014.02.07"]
[Round "7.4"]
[White "Severina, Maria"]
[Black "Daulyte, Deimante"]
[Result "0-1"]
[WhiteTitle "WIM"]
[BlackTitle "WGM"]
[WhiteElo "2210"]
[BlackElo "2355"]
[WhiteFideId "4116909"]
[BlackFideId "12802859"]
[EventDate "2014.02.01"]

1. d4 Nf6 2. c4 g6 3. Nc3 Bg7 4. e4 d6 5. Nf3 O-O 6. Be2 Nbd7 7. O-O e5 8. Re1
Re8 9. d5 a5 10. Bg5 h6 11. Bh4 g5 12. Bg3 Nh5 13. Nd2 Nf4 14. Bg4 Nc5 15. Bxc8
Qxc8 16. Nf1 Nfd3 17. Re2 f5 18. f3 f4 19. Bf2 h5 20. Kh1 g4 21. Rd2 Nxf2+ 22.
Rxf2 Kh8 23. Na4 Nxa4 24. Qxa4 Bf6 25. Qd1 Rg8 26. Rc2 b6 27. b3 Qd7 28. a3 Qh7
29. Qe2 Rg6 30. Rc3 Be7 31. Ra2 Rag8 32. Rac2 R8g7 33. b4 a4 34. Rd3 Kg8 35. Rb2
h4 36. fxg4 Rxg4 37. h3 f3 38. Rxf3 Rxe4 39. Qc2 Rd4 40. Qxa4 Qg6 41. Qc2 e4 42.
Rf4 Rd3 43. Qf2 Bg5 44. Rf8+ Kh7 45. Re2 Rxa3 46. Qd4 e3 47. Nh2 Rd3 48. Qa1 Rd2
49. Qa8 Qe4 50. Nf3 Rd1+ 51. Ng1 Bf4 52. Rh8+ Kg6 53. Qa2 Be5 54. Qb3 Qf4 55.
Qc2+ Kf7 56. g3 Rxg1+ 57. Kxg1 Qxg3+ 0-1

[Event "Moscow Open G Student w 2014"]
[Site "Moscow RUS"]
[Date "2014.02.07"]
[Round "7.5"]
[White "Muminova, Nafisa"]
[Black "Gvanceladze, Anna"]
[Result "1-0"]
[WhiteTitle "WGM"]
[BlackTitle "WFM"]
[WhiteElo "2301"]
[BlackElo "2217"]
[WhiteFideId "14201526"]
[BlackFideId "4113721"]
[EventDate "2014.02.01"]

1. e4 c6 2. d4 d5 3. e5 Bf5 4. Nf3 e6 5. Be2 Nd7 6. O-O Nh6 7. a4 Bg6 8. Bxh6
gxh6 9. a5 a6 10. c4 dxc4 11. Nbd2 Be7 12. Nxc4 O-O 13. Qd2 Kg7 14. Rfd1 Qc7 15.
Ne3 Rfd8 16. Qc3 Rac8 17. Nc4 Qb8 18. h3 Be4 19. Nfd2 Bd5 20. Ne3 c5 21. Nxd5
exd5 22. Qg3+ Kh8 23. Nf3 Rg8 24. Qf4 Rg7 25. dxc5 Rxc5 26. b4 Rc2 27. Rxd5 Nf6
28. Rd2 Rxd2 29. Qxd2 Ne4 30. Qd4 f5 31. Rc1 Qg8 32. Bf1 Qe6 33. Bd3 Ng5 34.
Nxg5 Bxg5 35. Bc4 Qg6 36. Rd1 Qe8 37. Bb3 h5 38. Qd3 Qf8 39. Be6 Re7 40. Qc4 Qe8
41. Rd6 Kg7 42. f4 Bxf4 43. Qxf4 Rxe6 44. Qxf5 Rxd6 45. exd6 Qe1+ 46. Kh2 Qxb4
47. Qe5+ Kf7 48. d7 1-0

[Event "Moscow Open G Student w 2014"]
[Site "Moscow RUS"]
[Date "2014.02.08"]
[Round "8.1"]
[White "Wang, Jue"]
[Black "Gvanceladze, Anna"]
[Result "1/2-1/2"]
[WhiteTitle "WGM"]
[BlackTitle "WFM"]
[WhiteElo "2386"]
[BlackElo "2217"]
[WhiteFideId "8604070"]
[BlackFideId "4113721"]
[EventDate "2014.02.01"]

1. e4 c6 2. d4 d5 3. f3 e6 4. Nc3 Bb4 5. Bf4 Nf6 6. Qd3 b6 7. Ne2 Ba6 8. Qe3 h6
9. O-O-O Nbd7 10. g4 Be7 11. h4 dxe4 12. fxe4 Nxg4 13. Qg3 h5 14. Bg2 b5 15. a3
b4 16. axb4 Bxb4 17. d5 Bxe2 18. Nxe2 Qa5 19. Kb1 e5 20. Bc1 Qb6 21. Rhf1 O-O
22. Rf5 g6 23. Rff1 Kg7 24. d6 Bc5 25. Bh3 Ndf6 26. Rxf6 Nxf6 27. d7 Qc7 28. Qf3
Rad8 29. Bh6+ Kxh6 30. Qxf6 Rb8 31. Ng3 Rxb2+ 32. Kxb2 Qb6+ 33. Kc1 Be3+ 34. Rd2
Kh7 35. Kd1 Bxd2 36. Kxd2 Qd4+ 37. Ke2 Qc4+ 38. Kd2 Qd4+ 39. Ke2 Qc4+ 40. Kd2 1/2-1/2

[Event "Moscow Open G Student w 2014"]
[Site "Moscow RUS"]
[Date "2014.02.08"]
[Round "8.2"]
[White "Daulyte, Deimante"]
[Black "Muminova, Nafisa"]
[Result "1-0"]
[WhiteTitle "WGM"]
[BlackTitle "WGM"]
[WhiteElo "2355"]
[BlackElo "2301"]
[WhiteFideId "12802859"]
[BlackFideId "14201526"]
[EventDate "2014.02.01"]

1. e4 e6 2. d4 d5 3. Nc3 Nf6 4. Bg5 Be7 5. e5 Nfd7 6. Bxe7 Qxe7 7. f4 a6 8. Nf3
Nb6 9. a4 Nc6 10. a5 Nd7 11. Qd2 b6 12. axb6 Nxb6 13. Na4 Nxa4 14. Rxa4 Rb8 15.
c3 Rb6 16. b4 Nb8 17. Bd3 Bd7 18. Ra2 Bb5 19. O-O Nd7 20. Qe3 Rb8 21. Nd2 Nb6
22. Nb3 O-O 23. Nc5 Ra8 24. Qh3 h6 25. Rfa1 c6 26. Nxa6 Bxa6 27. Rxa6 Rxa6 28.
Rxa6 Qb7 29. f5 Nc4 30. Ra2 f6 31. exf6 exf5 32. Qxf5 Rxf6 33. Qh7+ Kf7 34. Be2
Ne3 35. Bh5+ Ke6 36. Qg8+ Kd6 37. h3 Qc7 38. Rf2 Rxf2 39. Kxf2 Nc4 40. Bg4 Qa7
41. Qd8+ 1-0

[Event "Moscow Open G Student w 2014"]
[Site "Moscow RUS"]
[Date "2014.02.08"]
[Round "8.3"]
[White "Soloviova, Liza"]
[Black "Severina, Maria"]
[Result "1-0"]
[WhiteTitle "WGM"]
[BlackTitle "WIM"]
[WhiteElo "2308"]
[BlackElo "2210"]
[WhiteFideId "14117665"]
[BlackFideId "4116909"]
[EventDate "2014.02.01"]

1. e4 e5 2. Nf3 Nc6 3. Bb5 a6 4. Ba4 Nf6 5. d3 d6 6. c3 Be7 7. O-O O-O 8. Re1 h6
9. Nbd2 Re8 10. h3 Bf8 11. d4 b5 12. Bc2 Bb7 13. a4 exd4 14. cxd4 Nb4 15. Bb1 c5
16. d5 Nd7 17. Nb3 f5 18. Bd2 fxe4 19. Bxe4 Nf6 20. Bf5 Bxd5 21. Bxb4 cxb4 22.
Nbd4 bxa4 23. Qxa4 a5 24. Rad1 Qb6 25. Qc2 Qb7 26. Be6+ Bxe6 27. Nxe6 d5 28.
Nfd4 a4 29. Nf5 Qc8 30. Nxh6+ Kh8 31. Nf7+ Kg8 32. Nh6+ Kh8 33. Qf5 Qd7 34. Ng4
Nxg4 35. hxg4 a3 36. Rxd5 Qb7 37. Rdd1 Qd7 38. Rd5 Qb7 39. Re3 Kg8 40. Rh3 Rxe6
41. Qxe6+ Qf7 42. Rh8+ 1-0

[Event "Moscow Open G Student w 2014"]
[Site "Moscow RUS"]
[Date "2014.02.08"]
[Round "8.4"]
[White "Saulina, Varvara"]
[Black "Arabidze, Meri"]
[Result "0-1"]
[WhiteTitle "WFM"]
[BlackTitle "WGM"]
[WhiteElo "2227"]
[BlackElo "2374"]
[WhiteFideId "4194950"]
[BlackFideId "13604040"]
[EventDate "2014.02.01"]

1. d4 f5 2. Nf3 Nf6 3. g3 e6 4. Bg2 d5 5. O-O Bd6 6. c4 c6 7. Nc3 O-O 8. Qb3 Qe7
9. Bg5 h6 10. Bxf6 Rxf6 11. Rfe1 Rf7 12. Ne5 Bxe5 13. dxe5 Na6 14. Rac1 Kh8 15.
Red1 Rf8 16. e3 Rb8 17. Ne2 g5 18. Nd4 Bd7 19. Rd2 Qg7 20. f4 gxf4 21. gxf4 Rg8
22. Kh1 c5 23. Nb5 dxc4 24. Qxc4 Bxb5 25. Qxb5 Rbd8 26. Rf2 Nb4 27. Rcf1 Nd3 28.
Rc2 b6 29. a3 Qg4 30. Qc4 Rg6 31. Rd2 Kh7 32. Qc2 Rg7 33. b3 Rgd7 34. Bc6 Qh3
35. Rg1 Qxe3 36. Bxd7 Rxd7 37. Rf1 Qe4+ 38. Rg2 b5 39. a4 bxa4 40. bxa4 c4 41.
Rb1 Nf2+ 42. Qxf2 Qxb1+ 43. Rg1 Qe4+ 44. Qg2 Qxg2+ 45. Kxg2 Rg7+ 0-1

[Event "Moscow Open G Student w 2014"]
[Site "Moscow RUS"]
[Date "2014.02.08"]
[Round "8.5"]
[White "Tomnikova, Lidia"]
[Black "Vasilevich, Irina"]
[Result "1/2-1/2"]
[WhiteTitle "WFM"]
[BlackTitle "IM"]
[WhiteElo "2195"]
[BlackElo "2365"]
[WhiteFideId "4113110"]
[BlackFideId "4141296"]
[EventDate "2014.02.01"]

1. e4 c5 2. Nf3 e6 3. d4 cxd4 4. Nxd4 Nc6 5. Nc3 Qc7 6. Be2 a6 7. O-O Nf6 8. Be3
Be7 9. Kh1 O-O 10. f4 d6 11. Qe1 Nxd4 12. Bxd4 b5 13. a3 Bb7 14. Qg3 Rad8 15.
Bd3 Rd7 16. Rae1 Re8 17. Nd1 Qd8 18. Nf2 g6 19. Ng4 Nxg4 20. Qxg4 Bf6 21. Bxf6
Qxf6 22. f5 exf5 23. exf5 Rxe1 24. Rxe1 Re7 25. Rxe7 Qxe7 26. h4 Qe1+ 27. Kh2
Qe5+ 28. Qg3 Kg7 29. fxg6 fxg6 30. Qxe5+ dxe5 31. g4 e4 32. Be2 Kf6 33. Kg3 Ke5
34. c3 h6 35. g5 hxg5 36. hxg5 Kf5 37. c4 Bc6 38. cxb5 axb5 39. b3 Kxg5 40. Bg4
Be8 41. Bc8 Bc6 42. Bg4 Kf6 43. Kf4 g5+ 44. Ke3 Ke5 45. Bc8 Be8 46. Bb7 Bf7 47.
Bc6 Bxb3 48. Bxb5 g4 49. Be2 g3 50. Bf1 Bc2 51. Bg2 Kf5 52. a4 Bxa4 53. Bxe4+
Kg4 54. Bg2 Bd1 55. Ke4 Ba4 56. Ke3 Bb5 57. Kd2 Kf4 58. Ke1 Ke3 59. Bb7 Ba6 60.
Bc6 Be2 61. Bb7 Bf3 62. Bxf3 Kxf3 63. Kf1 g2+ 64. Kg1 Kg3 1/2-1/2

[Event "Moscow Open G Student w 2014"]
[Site "Moscow RUS"]
[Date "2014.02.09"]
[Round "9.1"]
[White "Vasilevich, Irina"]
[Black "Wang, Jue"]
[Result "1-0"]
[WhiteTitle "IM"]
[BlackTitle "WGM"]
[WhiteElo "2365"]
[BlackElo "2386"]
[WhiteFideId "4141296"]
[BlackFideId "8604070"]
[EventDate "2014.02.01"]

1. d4 Nf6 2. Nf3 g6 3. Bf4 Bg7 4. e3 d6 5. h3 O-O 6. Be2 b6 7. O-O Bb7 8. a4 a6
9. Nbd2 Nbd7 10. Bh2 Qe8 11. Nc4 Ne4 12. c3 e5 13. Qc2 Kh8 14. Rad1 f5 15. b4
Qe7 16. a5 b5 17. Nb2 Ng5 18. d5 Nxf3+ 19. Bxf3 e4 20. Be2 Qf6 21. Rd4 Qf7 22.
Rd2 Bxd5 23. c4 bxc4 24. Nxc4 Be6 25. Rc1 d5 26. Na3 c5 27. bxc5 Rfc8 28. c6 Ne5
29. Qa4 g5 30. Bxe5 Bxe5 31. Nc2 f4 32. Nd4 Rc7 33. Nxe6 Qxe6 34. Bg4 Qf7 35.
Qd1 fxe3 36. fxe3 d4 37. Rxd4 Bxd4 38. Qxd4+ Qg7 39. Qxe4 Rf8 40. Rd1 Re7 41.
Qd4 Rc7 42. Qc5 Qf6 43. Rd6 Qe7 44. Qd4+ Qg7 45. Bd7 Rf7 46. Rd5 h6 47. Qb6 Qa1+
48. Kh2 Rf1 49. Qd4+ Qxd4 50. exd4 Kg7 51. Re5 Rf6 52. d5 Rd6 53. Kg3 Rdxd7 54.
cxd7 Rxd7 55. Re6 Rxd5 56. Rxa6 Rd4 57. Rb6 Ra4 58. a6 h5 59. Kf3 h4 60. Rc6 Kh7
61. Ke3 Ra2 62. Kf3 Kg7 63. Rb6 Kh7 64. Rb7+ Kg6 65. Ra7 Kh6 66. Ra8 Kh7 67. a7
Kg7 68. Ke4 Ra5 69. Kd4 Kh7 70. Kc4 Kg7 71. Kb4 Ra1 72. Kc5 Kh7 73. Kb6 Rb1+ 74.
Kc6 Rc1+ 75. Kd6 Ra1 76. Ke6 Kg7 77. Kf5 Ra5+ 78. Kg4 Kh7 79. Kh5 Kg7 80. Rb8
Rxa7 81. Rb5 g4 82. Rg5+ Kf6 83. Kxg4 Ra4+ 84. Kh5 Rb4 85. Rg4 Rb3 86. Kxh4 Kf5
87. Rg5+ Kf6 88. Kh5 Rb8 89. h4 Rb4 90. Rg6+ Kf7 91. g4 Rc4 92. Kh6 Rc1 93. h5 1-0